Southville International School and Colleges
Your cart is empty.
  • Cart
  • Lists
    Public lists Eva Luna New books Lux_list list_1
    Your lists Log in to create your own lists
  • Log in to your account
  • Your cookies
  • Search history
Southville International School and Colleges
  • Advanced search
  • Recent comments
  • Most popular
  • Libraries

Log in to your account

Log in with GOOGLE


If you do not have an external account, but do have a local account, you can still log in:

  1. Home
  2. MARC view: Hospitality sales :
Normal view MARC view ISBD view

Hospitality sales : (Record no. 21544)

[ view plain ]
MARC details
000 -LEADER
fixed length control field 00540nam a2200193 a 4500
005 - DATE AND TIME OF LATEST TRANSACTION
control field 20140310183330.0
008 - FIXED-LENGTH DATA ELEMENTS--GENERAL INFORMATION
fixed length control field 060818s19uu xx 00 eng d
020 ## - INTERNATIONAL STANDARD BOOK NUMBER
International Standard Book Number 1401834787
050 ## - LIBRARY OF CONGRESS CALL NUMBER
Classification number TX 911.3.M3
Item number .Si57 2004
100 ## - MAIN ENTRY--PERSONAL NAME
Personal name Siguaw, Judy A.
245 ## - TITLE STATEMENT
Title Hospitality sales :
Remainder of title selling smarter /
260 ## - PUBLICATION, DISTRIBUTION, ETC. (IMPRINT)
Place of publication, distribution, etc Australia :
Name of publisher, distributor, etc Thomson Delmar Learning,
Date of publication, distribution, etc 2004.
300 ## - PHYSICAL DESCRIPTION
Extent 204 p. :
Dimensions 24 cm.
521 ## - TARGET AUDIENCE NOTE
Target audience note
650 ## - SUBJECT ADDED ENTRY--TOPICAL TERM
Topical term or geographic name as entry element Hospitality industry
General subdivision Marketing.
700 ## - ADDED ENTRY--PERSONAL NAME
Personal name Bojanic, David C.
942 ## - ADDED ENTRY ELEMENTS (KOHA)
Koha item type Books
Source of classification or shelving scheme Library of Congress Classification
Call number prefix Foreign
Holdings
Withdrawn status Lost status Source of classification or shelving scheme Damaged status Home library Current library Shelving location Date acquired Total Checkouts Full call number Barcode Checked out Date last seen Date checked out Copy number Price effective from Koha item type
    Library of Congress Classification   College Library College Library General Circulation Section 07/26/2010 1 TX 911.3.M3 .Si57 2004 C7487 08/31/2015 08/24/2015 08/24/2015 1 03/10/2014 Books

Hospitality sales :

APA

Siguaw J. A., Bojanic D. C., . (2004). Hospitality sales. Australia: Thomson Delmar Learning.

Chicago

Siguaw Judy A, Bojanic David C, . 2004. Hospitality sales. Australia: Thomson Delmar Learning.

Harvard

Siguaw J. A., Bojanic D. C., . (2004). Hospitality sales. Australia: Thomson Delmar Learning.

MLA

Siguaw Judy A, Bojanic David C, . Hospitality sales. Australia: Thomson Delmar Learning. 2004.

  • Place hold
  • Print
  • Cite
  • Add to your cart (remove)
  • Save record
    BIBTEX Dublin Core MARCXML MARC (non-Unicode/MARC-8) MARC (Unicode/UTF-8) MARC (Unicode/UTF-8, Standard) MODS (XML) RIS
  • More searches
    Search for this title in:
    Other Libraries (WorldCat) Other Databases (Google Scholar) Online Stores (Bookfinder.com) Open Library (openlibrary.org)

Exporting to Dublin Core...

SOUTHVILLE LIBRARY

Southville International School and Colleges Library

1281 Tropical Ave. Cor. Luxembourg St., BF Homes International, Las Pinas City

Tel. No. 8256374 / 252358 Loc. 117/146

Powered by Koha